Stories : narrative activities in the language classroom

This book enables teachers to explore story-telling as discourse in the language classroom and provides examples of meaningful activities which can be easily used in a range of teaching situations. Stories has three main sections, an introduction which outlines the conceptual framework of narrative,...

وصف كامل

محفوظ في:
التفاصيل البيبلوغرافية
المؤلف الرئيسي: Wajnryb, Ruth
التنسيق: كتاب
اللغة:Undetermined
منشور في: Cambridge Cambridge university press 2005
الموضوعات:
الوسوم: إضافة وسم
لا توجد وسوم, كن أول من يضع وسما على هذه التسجيلة!
Thư viện lưu trữ: Trung tâm Học liệu Trường Đại học Cần Thơ
LEADER 01424nam a2200217Ia 4500
001 CTU_100661
008 210402s9999 xx 000 0 und d
020 |c 289000 
082 |a 410 
082 |b W145 
100 |a Wajnryb, Ruth 
245 0 |a Stories : 
245 0 |b narrative activities in the language classroom 
245 0 |c Ruth Wajnryb 
260 |a Cambridge 
260 |b Cambridge university press 
260 |c 2005 
520 |a This book enables teachers to explore story-telling as discourse in the language classroom and provides examples of meaningful activities which can be easily used in a range of teaching situations. Stories has three main sections, an introduction which outlines the conceptual framework of narrative, an activities section for use in the classroom and a storybank to support the activities.There is also a useful list of further resources. Outside the language classroom, stories provide an authentic and universal form of communication. Stories are a familiar and reassuring way of acquiring language and therefore can be easily applied to the language classroom. This book will help teachers who are interested in using stories in the classroom, but looking for a place to start. Unlike other books Stories is for teachers of adults, both young and old. 
650 |a Language and languages 
910 |a Vương 
980 |a Trung tâm Học liệu Trường Đại học Cần Thơ